| 000 -CABECERA |
| Longitud fija campo de control |
00572nam a2200169 a 4500 |
| 001 - NÚMERO DE CONTROL |
| Número de control |
4270 |
| 003 - IDENTIFICADOR DEL NÚMERO DE CONTROL |
| Identificador del número de control |
CDMR |
| 005 - FECHA Y HORA DE LA ÚLTIMA TRANSACCIÓN |
| Fecha y hora de la última transacción |
20131011165749.0 |
| 008 - CÓDIGOS DE INFORMACIÓN DE LONGITUD FIJA |
| Códigos de información de longitud fija |
130130s1989||||||||||||||||||||||||||||d |
| 040 ## - FUENTE DE LA CATALOGACIÓN |
| Centro catalogador de origen |
CDMR |
| Lengua de catalogación |
cat |
| Centro transcriptor |
CDMR |
| 245 #0 - MENCIÓN DE TÍTULO |
| Título |
Crónicas fundacionales de la FAPE |
| Resto del título |
: 75 años de la Asociación de la Prensa de Cantabria (1914-1989) |
| 260 ## - PUBLICACIÓN, DISTRIBUCIÓN, ETC. (PIE DE IMPRENTA) |
| Lugar de publicación, distribución, etc. |
Santander |
| Fecha de publicación, distribución, etc. |
1989 |
| Nombre del editor, distribuidor, etc. |
Asociación de la Prensa de Cantabria |
| 300 ## - DESCRIPCIÓN FÍSICA |
| Extensión |
109 p. |
| 610 2# - PUNTO DE ACCESO ADICIONAL DE MATERIA - NOMBRE DE ENTIDAD CORPORATIVA |
| 9 (RLIN) |
949 |
| Nombre de entidad corporativa o nombre de jurisdicción como elemento inicial |
Federación de Asociaciones de la Prensa de España |
| 710 2# - PUNTO DE ACCESO ADICIONAL - NOMBRE DE ENTIDAD |
| 9 (RLIN) |
4040 |
| Nombre de entidad o nombre de jurisdicción como elemento inicial |
Asociación de la Prensa de Cantabria |
| 942 ## - ENTRADA DE ELEMENTOS AGREGADOS (KOHA) |
| Koha [por defecto] tipo de item |
Monografies |
| Fuente de clasificaión o esquema |
|